[Event "Trentino Province-ch"]
[Site "Aldeno"]
[Date "2015.01.25"]
[Round "5"]
[White "Seresin, Francesco"]
[Black "Matei, Cristian"]
[Result "1-0"]
[WhiteElo "2075"]
[BlackElo "1778"]
[PlyCount "85"]
[EventDate "2015.01.23"]
[EventType "swiss"]
[EventRounds "5"]
[EventCountry "ITA"]
[SourceTitle "EXT 2019"]
[Source "ChessBase"]
[SourceDate "2018.10.10"]
[SourceVersion "1"]
[SourceVersionDate "2018.10.10"]
[SourceQuality "1"]

1. d4 c6 2. c4 d5 3. cxd5 cxd5 4. Nc3 Nf6 5. Nf3 Nc6 6. Bf4 e6 7. e3 Bd6 8. Bg3 0-0 9. Bd3 a6 10. Rc1 Re8 11. 0-0 Bxg3 12. hxg3 e5 13. dxe5 Nxe5 14. Be2 Nc6 15. Nd4 Ne5 16. Qb3 b5 17. Rfd1 Bg4 18. Nf3 Nc4 19. Bxc4 bxc4 20. Qc2 Rb8 21. Rd4 Bxf3 22. gxf3 Qb6 23. Nxd5 Nxd5 24. Rxd5 Qf6 25. Rf5 Qg6 26. Rf4 Qh5 27. Rh4 Qg6 28. Qxg6 hxg6 29. Rc2 Rec8 30. Kf1 Rb7 31. b3 c3 32. Ke2 Rd7 33. Rd4 Rdc7 34. Kd3 Kf8 35. Rc4 Rd8+ 36. Kxc3 Rcd7 37. Rd4 Rc7+ 38. Kd3 Rxd4+ 39. exd4 Rb7 40. Re2 Rc7 41. d5 f6 42. Kd4 Rc1 43. d6 1-0

[Event "Trentino Province-ch"]
[Site "Aldeno"]
[Date "2015.01.24"]
[Round "2"]
[White "La Manna, Andrea"]
[Black "Matei, Cristian"]
[Result "1-0"]
[WhiteElo "2184"]
[BlackElo "1778"]
[PlyCount "117"]
[EventDate "2015.01.23"]
[EventType "swiss"]
[EventRounds "5"]
[EventCountry "ITA"]
[SourceTitle "EXT 2019"]
[Source "ChessBase"]
[SourceDate "2018.10.10"]
[SourceVersion "1"]
[SourceVersionDate "2018.10.10"]
[SourceQuality "1"]

1. d4 c6 2. c4 d5 3. Nc3 Nf6 4. cxd5 Nxd5 5. e4 Nxc3 6. bxc3 Nd7 7. Nf3 g6 8. Bd3 Bg7 9. Qe2 0-0 10. e5 e6 11. h4 h5 12. Rh3 c5 13. Kf1 cxd4 14. cxd4 Nb6 15. Bg5 Qe8 16. Rd1 Nd5 17. Qd2 Bd7 18. Kg1 Rc8 19. Nh2 Bb5 20. Bb1 Qc6 21. Re1 Nc3 22. Bd3 Bxd3 23. Qxd3 Qc4 24. Qd2 a6 25. g4 Qxa2 26. Rxc3 Qxd2 27. Bxd2 Rxc3 28. Bxc3 Rc8 29. Ba5 Rc4 30. Bb6 Rb4 31. Bc5 Rb3 32. gxh5 gxh5 33. Re3 Rb1+ 34. Nf1 Kh7 35. Rd3 b6 36. Bd6 b5 37. Ra3 b4 38. Rxa6 b3 39. Rb6 Bh6 40. Ba3 Kg6 41. d5 Kf5 42. d6 Rd1 43. Rb7 Bf4 44. d7 Bxe5 45. Be7 Bc7 46. Rxc7 b2 47. Rb7 Rxd7 48. Rb5+ e5 49. Ba3 b1Q 50. Rxb1 Rd4 51. Ne3+ Kg6 52. Rb6+ f6 53. Be7 Rxh4 54. Bxf6 Re4 55. Bxe5+ Kg5 56. Bf6+ Kf4 57. Rb4 Rxb4 58. Nd5+ Kf5 59. Nxb4 1-0